Normalizácia vzťahov s Ruskom pôjde asi ľahšie, ak sa EÚ nebude pridržiavať toho, čo jej servírujú USA a NATO, myslí si František Škvrnda

Salvato in:
Dettagli Bibliografici
Autore principale: Pilz, Tomáš
Altri autori: Škvrnda, František
Natura: Capitolo di libro
Lingua:slovacco
Soggetti:
Tags: Aggiungi Tag
Nessun Tag, puoi essere il primo ad aggiungerne!!

MARC

LEADER 00000nla a2200000 4500
001 0247837
005 20240502073950.9
041 0 |a slo 
044 |a SK 
245 1 0 |a Normalizácia vzťahov s Ruskom pôjde asi ľahšie, ak sa EÚ nebude pridržiavať toho, čo jej servírujú USA a NATO, myslí si František Škvrnda  |c Tomáš Pilz, František Škvrnda 
610 2 0 |a politika medzinárodná 
610 2 0 |a spolupráca hospodárska medzinárodná 
610 2 0 |a Európska únia 
610 2 0 |a Slovensko 
610 2 0 |a Rusko 
610 2 0 |a NATO 
100 1 |a Pilz, Tomáš 
700 1 |a Škvrnda, František